Molecular Descriptors for Chemoinformatics Vol-1 Alphabetical Listing (Record no. 23388)
[ view plain ]
| 000 -LEADER | |
|---|---|
| fixed length control field | 00503nam a22001697a 4500 |
| 003 - CONTROL NUMBER IDENTIFIER | |
| control field | NUST |
| 008 - FIXED-LENGTH DATA ELEMENTS--GENERAL INFORMATION | |
| fixed length control field | 130416b xxu||||| |||| 00| 0 eng d |
| 020 ## - INTERNATIONAL STANDARD BOOK NUMBER | |
| International Standard Book Number | 9783527318520 |
| Terms of availability | Available |
| 038 ## - RECORD CONTENT LICENSOR | |
| Staff Name | Nusrat Nadeem |
| 050 ## - LIBRARY OF CONGRESS CALL NUMBER | |
| Item number | 002307 |
| 082 ## - DEWEY DECIMAL CLASSIFICATION NUMBER | |
| Classification number | 615.1078 MAN |
| 100 ## - MAIN ENTRY--PERSONAL NAME | |
| Personal name | Todeschini Robert |
| 9 (RLIN) | 21330 |
| 245 ## - TITLE STATEMENT | |
| Title | Molecular Descriptors for Chemoinformatics Vol-1 Alphabetical Listing |
| Statement of responsibility, etc. | Robert Todeschini |
| 260 ## - PUBLICATION, DISTRIBUTION, ETC. | |
| Place of publication, distribution, etc. | USA |
| Name of publisher, distributor, etc. | Wiley-VCH |
| Date of publication, distribution, etc. | 2009 |
| 538 ## - SYSTEM DETAILS NOTE | |
| Display text | Bioinformatics Lab (Photocopy) |
| 942 ## - ADDED ENTRY ELEMENTS (KOHA) | |
| Source of classification or shelving scheme | |
| Koha item type | Book |
| Withdrawn status | Lost status | Source of classification or shelving scheme | Damaged status | Not for loan | Collection code | Permanent Location | Current Location | Shelving location | Date acquired | Total Checkouts | Full call number | Barcode | Date last seen | Price effective from | Koha item type | Total Renewals | Checked out | Date last checked out |
|---|---|---|---|---|---|---|---|---|---|---|---|---|---|---|---|---|---|---|
| Central Library (CL) | Central Library (CL) | General Stacks | 04/16/2013 | 615.1078MAN | RCMS002307 | 04/16/2013 | 04/16/2013 | Book | ||||||||||
| School of Interdisciplinary Engineering and Sciences (SINES) | School of Interdisciplinary Engineering and Sciences (SINES) | Text Books | 09/25/2019 | 1 | 615.1078 | RCMS002918 | 06/30/2021 | 09/25/2019 | Book | 2 | 06/01/2023 | 06/30/2021 |
